| 000 | 00998pam a2200313 a 4500 | ||
|---|---|---|---|
| 001 | 4273 | ||
| 003 | FISKH | ||
| 005 | 20250509103431.0 | ||
| 008 | 890424s1990 nyua j 000 1 eng | ||
| 010 | _a 89007933 | ||
| 020 | _a0803707606 | ||
| 020 | _a0803707614 (lib. bdg.) | ||
| 020 | _a9780140368420 | ||
| 040 |
_aDLC _cDLC _dDLC _beng |
||
| 050 | _aPZ7.M35672 | ||
| 082 | _a813.54 | ||
| 100 | 1 |
_aMarshall, James, _d1942-1992. |
|
| 245 | 1 | 0 |
_aFox be nimble / _cby James Marshall. |
| 260 |
_aNew York : _bPenguin Young Reader, _c1990. |
||
| 300 |
_a48 pages : _bcolor illustrations ; _c23 cm |
||
| 505 | _aJ | ||
| 520 | _aFox babysits for the miserable Ling children, makes a big scene when he slips on a skate and hurts himself, and gets to lead the band in the big parade. | ||
| 521 | 8 |
_a480
_bLexile estimate |
|
| 521 | 8 |
_aJ
_bRaz-Plus |
|
| 650 | 1 |
_aFoxes _xFiction. |
|
| 906 |
_a7 _bcbc _corignew _d1 _eocip _f19 _gy-gencatlg |
||
| 942 |
_2ddc _cBK _n0 |
||
| 999 |
_c4273 _d4273 |
||